| 000 | 01298 a2200253 4500 | ||
|---|---|---|---|
| 005 | 2008091102452.0 | ||
| 008 | 080911t xxu||||| |||| 00| 0 hin d | ||
| 010 | _aHIN-79671 | ||
| 020 |
_c700.00 _a8187445092 |
||
| 035 | _aHN-52017 | ||
| 037 | _bD.B.Act / pub | ||
| 082 | _a305.4 | ||
| 100 | _aशर्मा, संगीता | ||
| 245 |
_aमहिला विकास एवं राजकीय योजनाएं _cसंगीता शर्मा |
||
| 246 |
_aMahila vikas avam rajnitik yojnayen _bby Sangeeta Sharma |
||
| 260 |
_aजयपुर _bरितु पब्लिकेशन्स _c2005 |
||
| 270 |
_a28, सीतारामपुरी, आमेर रोड _bजयपुर _e302002 _k2633319 |
||
| 300 |
_a344पृ _c22 सेमी (सजिल्द) |
||
| 520 | _aThe book deals with the cenralised government policies regarding women`s development | ||
| 650 | _aWoman Development | ||
| 700 | _aशर्मा, राजेश कुमार | ||
| 942 |
_adpl _cHN _k305.4 / शर्मासं _2ddc _h305.4 _mशर्मासं |
||
| 999 |
_c3364 _d3364 |
||